000
00246nam a2200109Ia 4500
008
200302s9999 xx 000 0 und d
100
_a
Philip Jodidio
245
_a
The new pavilions
260
_b
Thames and hudson
260
_c
2018
300
_a
288
999
_c
7409
_d
7409